Statistiques concernant Tout sur Harry Potter en Français

Cliquez ici pour prendre le quiz!

Statistiques générales

  • Ce quiz a été pris 5,941 fois
    (4,051 depuis la dernière actualisation)
  • Le résultat moyen est 227 sur 416

Statistiques - réponses

Auteure J.K. Rowling % Correct
NomsPotterHarry
99%
Personnages PrincipauxHarry Potter
99%
Personnages PrincipauxRon Weasley
99%
NomsWeasleyRon
98%
Personnages PrincipauxHermione Granger
98%
NomsGrangerHermione
98%
Directeurs de PourdlardSeverus Rogue
96%
Professeurs de Défense contre les forces du Mal6eme annéeSeverus Rogue
96%
ProfesseursSeverus Rogue
96%
AuteureJ.K. Rowling
95%
Emblème des 4 MaisonsSerpentardSerpent
95%
NomsRogueSeverus
94%
NomsDumbledoreAlbus
93%
NomsChangCho
92%
LivresHarry Potter etla chambre des secrets
92%
Emblème des 4 MaisonsGryffondorLion
92%
Emblème des 4 MaisonsSerdaigleAigle
92%
NomsJedusorTom
92%
NomsMcGonagallMinerva
91%
LivresHarry Potter àl'école des sorciers
91%
Années à Poudlard7
91%
Fondateurs de PoudlardRowena Serdaigle
91%
LieuxLieu de vie du BasilicLa Chambre des Secrets
91%
Directeurs de MaisonsGryffondorMinerva McGonagall
90%
Directeurs de PourdlardMinerva McGonagall
90%
ProfesseursMinerva McGonagall
90%
LivresHarry Potter etla coupe de feu
90%
NomsGryffondorGodric
90%
Fondateurs de PoudlardHelga Poufsouffle
90%
Fondateurs de PoudlardSalazar Serpentard
90%
Fondateurs de PoudlardGodric Gryffondor
89%
LivresHarry Potter etles reliques de la mort
89%
HorcruxesHarry Potter
89%
NomsDelacourFleur
89%
NomsSerpentardSalazar
89%
NomsDiggoryCedric
89%
Le Tournois des 3 SorciersParticipant PoudlardHarry Potter
89%
NomsMalefoyDrago
88%
Directeurs de PourdlardAlbus Dumbledore
88%
LivresHarry Potter etle prince de sang mélé
87%
HorcruxesNagini
87%
Animaux de compagnieSerpent de VoldemortNagini
87%
GroupesSociété secrète fondée par DumbledoreL'Ordre du Phénix
86%
NomsBlackSirius
86%
LivresHarry Potter etl'ordre du phenix
86%
NomsLovegoodLuna
86%
Postes au QuidditchAttrapeur
85%
NomsSerdaigleRowena
85%
Fantômes des MaisonsGryffondorNick Quasi-Sans-Tête
85%
ProfesseursPomona Chourave
84%
Le Tournois des 3 SorciersEcolesPoudlard
84%
NomsPoufsouffleHelga
84%
LivresHarry Potter etle prisonnier d'Azkaban
84%
Directeurs de MaisonsPoufsoufflePomona Chourave
84%
NomsOmbrageDolores
83%
AnimagusMinerva McGonagallChat
83%
PatronusMinerva McGonagallChat
83%
Balles de QuidditchVif d'or
83%
PatronusDolores OmbrageChat
83%
NomsLondubatNeville
83%
Les Reliques de la MortLa Cape d'Invisibilité
83%
AnimagusSirius BlackChien
83%
NomsWeasleyPercy
83%
Emblème des 4 MaisonsPoufsouffleBlaireau
83%
NomsPotterLily
82%
Elfes de MaisonElfe des MalefoyDobby
82%
ProfesseursFilius Flitwick
82%
PatronusJames PotterCerf
82%
AnimagusJames PotterCerf
82%
Postes au QuidditchGardien
82%
NomsLupinRemus
82%
PatronusHarry PotterCerf
82%
Directeurs de MaisonsSerdaigleFilius Flitwick
82%
AnimagusPeter PettigrowRat
82%
NomsPotterJames
82%
Directeurs de MaisonsSerpentardSeverus Rogue
81%
Professeurs de Défense contre les forces du Mal5eme annéeDolores Ombrage
81%
NomsKrumViktor
81%
Directeurs de PourdlardDolores Ombrage
81%
NomsWeasleyFred
81%
Les Reliques de la MortLa Baguette de Sureau
81%
Professeurs de Défense contre les forces du Mal3eme annéeRemus Lupin
81%
NomsLestrangeBellatrix
81%
NomsWeasleyGeorge
81%
Fantômes des MaisonsSerpentardLe Baron Sanglant
81%
NomsDursleyDudley
80%
NomsWeasleyArthur
80%
Personnel de l'écoleConciergeArgus Rusard
80%
NomsWeasleyGinny
80%
NomsMalefoyLucius
79%
Le Tournois des 3 SorciersParticipant BeauxbâtonsFleur Delacour
79%
Préfets (Promotion Harry)GryffondorRon Weasley
79%
NomsWeasleyBill
79%
NomsHagridRubeus
79%
NomsPettigrowPeter
79%
NomsWeasleyMolly
79%
NomsDursleyPetunia
78%
Leurs CouleursGryffondorRouge et Or
78%
Postes au QuidditchBatteur
78%
Le Tournois des 3 SorciersParticipant PoudlardCedric Diggory
78%
CoursPotions
78%
Le Tournois des 3 SorciersEcolesBeauxbâtons
77%
NomsMaugreyAlastor
77%
Balles de QuidditchCognard
77%
NomsDursleyVernon
77%
Personnel de l'écoleInfirnièrePoppy Pomfresh
77%
NomsWeasleyCharlie
77%
Professeurs de Défense contre les forces du Mal1er annéeQuirinus Quirell
77%
PatronusLily EvansBiche
76%
Animaux de compagnieChouette de HarryHedwige
76%
NomsLockhartGilderoy
76%
PatronusSeverus RogueBiche
76%
Animaux de compagnieDragon de HagridNorbert
76%
NomsFlamelNicolas
76%
NomsMalefoyNarcissa
76%
NomsDragonneauNorbert
76%
LieuxMaison des WeasleyLe Terrier
75%
Le Tournois des 3 SorciersParticipant DurmstrangViktor Krum
74%
Leurs CouleursSerpentardVert et Argent
74%
CoursDéfense contre les forces du mal
74%
Fantômes des MaisonsSerdaigleLa Dame Grise
73%
Animaux de compagnieRat de RonCroûtard
73%
Professeurs de Défense contre les forces du Mal4eme annéeAlastor Maugrey
73%
Professeurs de Défense contre les forces du Mal2eme annéeGilderoy Lockhart
73%
NomsFlitwickFilius
73%
NomsSlughornHorace
73%
NomsSkeeterRita
73%
PatronusHermionne GrangerLoutre
73%
NomsChouravePomona
73%
Animaux de compagnieChat de HermionePattenrond
72%
NomsPatilPadma
72%
Postes au QuidditchPoursuiveur
72%
CoursDivination
72%
LieuxPrisonAzkaban
72%
Animaux de compagnieHippogriffe de HagridBuck
72%
Le Tournois des 3 SorciersEcolesDurmstrang
71%
Les Reliques de la MortLa Pierre de Résurrection
71%
CoursMétamorphose
71%
NomsTonksNymphadora
71%
NomsPatilParvati
71%
SortilègesImpardonable (Mort)Avada Kedavra
71%
Balles de QuidditchSouaffle
70%
Préfets (Promotion Harry)GryffondorHermione Granger
70%
GroupesPartisants de VoldemortMangemorts
70%
NomsDuboisOlivier
70%
Autres créaturesEsprit Frappeur de PoudlardPeeves
70%
CoursVol
69%
NomsKarkaroffIgor
69%
NomsTrelawneySibylle
69%
Animaux de compagnieAraignée de HagridAragog
69%
NomsRusardArgus
69%
IdentitésVrais nom de VoldemortTom Elvis Jedusor
68%
Fantômes des MaisonsPoufsouffleLe Moine Gras
68%
LieuxNom du trainLe Poudlard Express
68%
NomsFinniganSeamus
68%
Leurs CouleursPoufsouffleJaune et Noir
67%
LieuxLieu d'entraînement de l'Armée de DumbledoreLa Salle sur Demande
67%
NomsLovegoodXenophilius
67%
ProfesseursRubeus Hagrid
66%
Autres créaturesObjets répartissant les élèves dans les 4 maisonsChoixpeau Magique
66%
Suppléants et RemplacentsRemplacent PotionsHorace Slughorn
66%
Animaux de compagnieChatte de RusardMiss Teigne
66%
NomsThomasDean
66%
NomsParkinsonPansy
66%
GroupesSociété secrète fondée par HarryL'Armée de Dumbledore
66%
LieuxBus MagiqueLe Magicobus
65%
LieuxRue magique de LondresLe Chemin de Traverse
65%
NomsBrownLavande
65%
LieuxMagasin de baguettes maggiqueOllivander
65%
CoursBotanique
64%
CoursSortilèges
64%
NomsDiggoryAmos
64%
SortilègesPour allumer sa baguetteLumos
64%
NomsDumbledoreAbelforth
64%
ProfesseursRenée Bibine
63%
NomsCrabbeVincent
63%
VocabulaireIndividu né sorcier mais ne pratiquant pas la magieCracmol
63%
Argent des sorciersGallion
63%
La carte du MaraudeurSirius BlackPatmol
63%
SortilègesImpardonable (Torture)Doloris
63%
NomsCrouptonBarty Senior
63%
NomsJordanLee
62%
NomsCriveyColin
62%
CoursSoins aux créatures magiques
62%
Animaux de compagnieChien à trois têtes de HagridTouffu
62%
LieuxBanqueGringotts
62%
Autres créaturesGardiens de AzkabanDétraqueurs
61%
LieuxVillage de PoudlardPré-au-lard
61%
NomsFudgeCornelius
61%
Préfets (Promotion Harry)SerpentardDrago Malefoy
61%
SortilègesPour attirer des objetsAccio
61%
ProfesseursSibylle Trelawney
60%
NomsTourdesacBathilda
60%
Autres créaturesCentaure ProfesseurFirenze
60%
Suppléants et RemplacentsSuppléant DivinationFirenze
60%
Autres créaturesCréature de transformant selon les peurs de chacunEpouvantard
59%
SortilègesImpardonable (Contrôle)Imperium
59%
SortilègesPour déverrouiller une porteAlohomora
59%
NomsBellKatie
59%
NomsPotterAlbus Severus
58%
PatronusAlbus DumbledorePhénix
58%
PatronusGinny WeasleyCheval
58%
AnimagusRita SkeeterScarabé
58%
NomsJohnsonAngelina
58%
NomsBibineRenée
58%
LieuxGare de LondresKingscross
57%
SortilègesPatronusSpero Patronum ou Expecto Patronum
57%
NomsCrouptonBarty Junior
57%
La carte du MaraudeurJames PotterCornedrue
56%
Elfes de MaisonElfe des BlackKreattur
56%
Animaux de compagniePhenix de DumbledoreFumseck
56%
Animaux de compagnieCrapaud de NevilleTrevor
55%
LieuxAdresse des Dursley4, Privet Drive Little Whinging Surrey
55%
NomsPomfreshPoppy
55%
LieuxGourvenementLe Ministère de la Magie
55%
NomsMaximeOlympe
55%
Animaux de compagnieChien de HagridCrockdur
55%
CoursHistoire de la magie
55%
NomsAbbotHannah
55%
NomsGoyleGregory
55%
Leurs CouleursSerdaigleBleu et Bronze
54%
La carte du MaraudeurRemus LupinLunard
54%
Autres créaturesDemi-frère de HagridGraup
54%
NomsQuirellQuirinus
54%
PatronusLuna LovegoodLièvre
53%
HorcruxesLe Diadème de Rowena Serdaigle
53%
NomsSerdaigleHelena
52%
PatronusNymphadora TonksLoup
52%
Argent des sorciersMornille
52%
NomsTonksTed
51%
SortilègesSortilège de lévitationWingardium Leviosa
51%
LieuxAuberge de cette rueLe Chaudron Baveur
51%
CoursAstronomie
51%
NomsCarrowAmycus
51%
CoursEtude des Moldus
51%
La carte du MaraudeurFormule pour la faire disparaîtreMéfait accompli
51%
LieuxMaison HantéeLa Cabane Hurlante
51%
NomsGreybackFenrir
51%
Préfets (Promotion Harry)SerpentardPansy Parkinson
50%
CoursArithmancie
50%
NomsGrindelwaldGellert
49%
LieuxVille de James et LilyGodric's Hollow
49%
NomsShackleboltKingsley
49%
NomsWeasleyRose
49%
Professeurs de Défense contre les forces du Mal7eme annéeAmycus Carrow
49%
NomsMcLaggenCormac
49%
NomsMacmillanErnie
48%
ProfesseursCuthbert Binns
48%
SortilègesSortilège d'amnésieOubliette
48%
NomsLondubatAlice
48%
NomsRocadeStanley
48%
SortilègesPour éteindre sa baguetteNox
48%
La carte du MaraudeurFormule pour la faire apparaitreJe jure solennellement que mes intentions sont mauvaises
48%
SortilègesPour réparer des objetReparo
47%
NomsBlackRegulus
47%
HorcruxesLe Médaillon de Salazar Serpentard
47%
NomsDelacourGabrielle
47%
LieuxRue magique malfâméeAllée des Embrumes
46%
Argent des sorciersNoise
46%
NomsCarrowAlecto
45%
Personnel de l'écoleBibliothécaireIrma Pince
45%
Elfes de MaisonElfe des CrouptonWinky
45%
NomsPotterJames Sirius
45%
LieuxTaverne du villageLes Trois Balais
44%
NomsPotterLily Luna
44%
LieuxHôpitalSainte-Mangouste
44%
Suppléants et RemplacentsSuppléants Soins aux créatures magiquesWilhelmina Gobe-Planche
43%
HorcruxesLa Bague des Gaunt
43%
HorcruxesLe Journal de Jédusor
43%
NomsDeauclairePénélope
43%
NomsGauntElvis
43%
SortilègesSortilège de désarmementExpelliarmus
43%
NomsScrimgeourRufus
42%
NomsFletcherMondingus
42%
CoursEtude des Runes
42%
HorcruxesLa Coupe de Helga Poufsouffle
42%
NomsLupinTeddy
42%
NomsDe Mimsy-PorpingtonNicholas
41%
NomsLondubatFrank
41%
NomsPeverellIgnotus
41%
LieuxMaison de Bill et FleurLa Chaumière aux Coquillages
40%
Animaux de compagnieHibou de la famille WeasleyErrol
40%
SortilègesPour réparer des lunettesOculus Reparo
40%
NomsDippetArmando
40%
Directeurs de PourdlardArmando Dippet
40%
NomsWeasleyHugo
39%
SortilègesPour réduire des objetsReducto
39%
LieuxMagasin de Magie noireBarjow et Beurk
38%
AcronymesB.U.S.EBrevet Universel de Sorcellerie Élémentaire
38%
NomsMalefoyScorpius
38%
NomsDumbledoreArianna
38%
SortilègesPour plonger dans un profond sommeil/comaStupefix
38%
ProfesseursAurora Sinistra
38%
NomsDolohovAntonin
38%
Directeurs de PourdlardPhineas Nigellus Black
37%
NomsBinnsCuthbert
37%
NomsFinch-FletchleyJustin
37%
IdentitésNom Complet de DumbledoreAlbus Perceval Wulfric Brian Dumbledore
36%
Autres créaturesGobelinGripsec
36%
LieuxLibrairieFleury et Bott
36%
SortilègesCharme du bouclierProtego
36%
Animaux de compagnieHibou de RonCoquecigrue
36%
NomsDursleyMarjorie
36%
NomsDogeElphias
35%
NomsSinistraAurora
35%
SortilègesPour faire apparaître un jet d'eauAguamenti
35%
La carte du MaraudeurPetter PettigrowQuedver
34%
LieuxAutre TaverneLa Tête de Sanglier
34%
Préfets (Promotion Harry)PoufsouffleHannah Abbot
34%
NomsDumbledorePerceval
34%
NomsHopkrikMafalda
34%
NomsBelbyMarcus
33%
NomsFlintMarcus
33%
NomsBurbageCharity
33%
SortilègesMaléfice du SaucissonPetrificus Totalus
33%
LieuxFarces et AttrapesZonko
32%
NomsFiggArabella
32%
NomsSpinnetAlicia
32%
Préfets (Promotion Harry)SerdaiglePadma Patil
32%
NomsBulstodeMillicent
31%
Autres créaturesAutre Centaure connuBane
31%
IdentitésVrais nom de Nick Quasi-Sans-TêteSir Nicholas de Mimsy-Porpington
31%
LieuxAdresse des Black12, Square Grimmaurd
31%
NomsOllivanderGarrick
31%
NomsVaneRomilda
30%
LieuxConfiserieHoneydukes
30%
SortilègesPour augmenter la taille d'un objetAmplificatum
30%
Préfets (Promotion Harry)PoufsouffleErnie Macmillan
29%
Animaux de compagnieHibou de PercyHermès
29%
LieuxMagasin des WeasleyFarces pour sorciers facétieux
29%
NomsWeasleyVictoire
29%
SortilègesPour créer de profondes entailles dans la chaireSectumsempra
28%
NomsGoldsteinAnthony
28%
NomsGobe-PlacheWilhelmina
28%
AcronymesS.A.L.ESociété d'Aide à la Libération des Elfes
28%
VocabulaireSorciers pouvant prendre la forme qu'il souhaiteMétamorphomage
27%
PatronusCho ChangCygne
27%
NomsCriveyDennis
27%
ProfesseursCharity Burbage
27%
PatronusAbelforth DumbledoreBouc
26%
NomsDumbledoreKendra
26%
PatronusArthur WeasleyBelette
26%
NomsTonksAndromeda
26%
SortilègesPour repousser les épouvantardsRiddikulus
26%
PatronusSeamus FinnigamRenard
25%
SortilègesPour soulever une personne dans les airsLevicorpus
25%
SortilègesPour annuler certains sortFinite
25%
NomsLondubatAugusta
25%
NomsGauntMerope
25%
Animaux de compagnieBoursoufflet de GinnyArnold
24%
NomsBlackPhineas Nigellus
24%
PatronusKingsley ShackleboltLynx
24%
PatronusErinie MacMillanSanglier
23%
NomsCornerMichael
23%
SortilègesPour faire apparaître un feuIncendio
22%
LieuxGlacierFlorian Fortarôme
21%
NomsWeasleyFred Junior
21%
SortilègesPour faire apparaître un serpentSerpensortia
21%
SortilègesPour immobiliser des individusImmobilus
20%
SortilègesPour créer un PortoloinPortus
20%
NomsWeasleyMolly Junior
20%
Préfets (Promotion Harry)SerdaigleAnthony Goldstein
20%
LieuxMagasin de Prêt-à-porterMadame Guipure
20%
NomsWeasleyDominique
19%
ProfesseursSeptima Vector
19%
NomsRuncornAlbert
19%
VocabulaireEnfant refoulant ses pouvoirs magiqueObscurial
19%
NomsWeasleyLouis
19%
LieuxAdresse de RogueL'impasse du Tisseur
19%
SortilègesPour métamorphoser un animal en gobeletVera Verto
19%
SortilègesPour se téléporterTransplaner
18%
NomsCattermoleReginald
18%
SortilègesSortilège de ConfusionConfundo ou Confundus
18%
SortilègesPour augmenter la puissance de la voixSonorus
18%
NomsSmithZacharias
18%
NomsCattermoleMary
17%
PatronusRon WeasleyJack Russell terrier
17%
SortilègesPour ralentir une chuteArresto Momentum
17%
NomsGauntMorfin
17%
SortilègesPour nettoyerRecurvite
17%
SortilègesPour provoquer un fou rireRictusempra
16%
NomsPeverellCadmus
16%
ProfesseursBathsheba Babbling
16%
NomsPeverellAntioch
16%
SortilègesPour soigner les blessures mineuresEpiskey
16%
SortilègesPour verrouiller une porteCollaporta
16%
NomsWeasleyRoxanne
16%
SortilègesPour réveiller les statues et armuresPiertotum Locomotor
15%
NomsBlackOrion
15%
NomsWeasleyBilius
15%
NomsWeasleyLucy
15%
NomsDerwentDilys
14%
SortilègesSortilède de MutismeSilencio
14%
AcronymesA.S.P.I.CAccumulation de sorcellerie Particulièrement Intensive et Contraignante
14%
NomsBabblingBathsheba
14%
LieuxPrison de GindelvaldNurmengard
14%
SortilègesPour neutraliser les sortilèges alentoursFinite Incantatem
13%
Elfes de MaisonElfe des SmithHokey
13%
LieuxOrphelina de TomWool
13%
Directeurs de PourdlardDilys Derwent
13%
LieuxLieu de vie des JedusorLittle Hangleton
13%
sortilègesPour ordonner à des petits oiseaux d'attaquerOppugno
12%
NomsSmithHepzibah
12%
NomsBlackWalburga
11%
SortilègesPour repousser les araignéesArania Exumaï
11%
SortilègesPour révéler le présence d'êtres humains dans un lieuHominum Revelio
11%
Autres créaturesChef des CentauresMagorian
10%
SortilègesPour ligoter son adversaireIncarcerem
10%
SortilègesContre-sort du précédentLiberacorpus
9%
SortilègesPour refermer les plaies profondesVulnera Sanentur
9%
SortilègesPour créer une copie de l'objetGemino
9%
LieuxMagasin de Chouettes et HibousEeylops
8%
SortilègesPour repousser/rallentir un adversaireImpedimenta
8%
SortilègesPour annuler le précédentSourdinam
7%
SortilègesPour ouvrir le passage de la sorcière BorgneDissendium
7%
SortilègesPour révéler le dernier sort jetéPrior Incanto
5%

Distribution des résultats

Percentile by Number Answered

% des personnes avec chaque résultat

Votre développement - résultats

Vous n’avez pas pris ce quiz depuis la dernière actualisation